000 00849nam a2200193 a 4500
008 120924s2008 ||||||||||||||||| || u
020 _a9788131718872
050 _aQA 402.3 Dor
100 _aBishop, Robert H
245 1 0 _aModern control systems. -- 11th ed.
_cby Richard C. Dorf; Bishop, Robert H.
250 _a11th ed.
260 _aNew Delhi:
_bPearson Education, Inc
_c2008
300 _axxv, 1018p.: ill.
500 _aDonated by Counsellor Kang'ombe
650 _aFEEDBACK CONTROL SYSTEMS
700 _aDorf, Richard C
995 _aANNEX COLLECTION (Main Library)
_e743333
_FCBU-MAIN LIBRARY (Kitwe)
_jQA 402.3 Dor
_M1
_UAVAILABLE
_WOct 2, 2012
_y743333
_ZAnnex Low-Usage Collection
995 _aMAIN LIBRARY OPEN ACCESS
_e743334
_FCBU-MAIN LIBRARY (Kitwe)
_jQA 402.3 Dor
_M2
_UAVAILABLE
_WOct 2, 2012
_y743334
_ZMain Library Open Access Collection
999 _c77571
_d77571